Vysokorýchlostná dátová komunikácia po silových vedeniach

Salvato in:
Dettagli Bibliografici
Autore principale: Šíra, Karol (Autore)
Altri autori: Blesák, Kristián (Relatore della tesi), Brezovič, Zdenko, 1973- (Relatore della tesi)
Natura: Manoscritto Libro
Lingua:slovacco
Pubblicazione: Bratislava : STU v Bratislave FEI, 2008
Soggetti:
Tags: Aggiungi Tag
Nessun Tag, puoi essere il primo ad aggiungerne!!

MARC

LEADER 00000ntm a22000003a 4500
001 stu179958
005 20150617230044.8
008 090213s2008----xo------------------slo-d
040 |a STU  |b slo 
041 0 |a slo 
044 |a xo 
100 1 |a Šíra, Karol  |4 aut  |u E  |T FEI Fakulta elektrotechniky a informatiky  |U E  |Y 30 
245 1 |a Vysokorýchlostná dátová komunikácia po silových vedeniach 
260 |a Bratislava :  |b STU v Bratislave FEI,  |c 2008 
300 |a 56 s 
650 7 |a Rádioelektronika  |2 stusub 
650 7 |a dátová komunikácia  |2 stusub 
650 7 |a silové vedenia  |2 stusub 
700 1 |a Blesák, Kristián  |4 ths  |u E230  |U FEI Fakulta elektrotechniky a informatiky  |T FEI Katedra rádioelektroniky  |U E230  |Y 71 
700 1 |a Brezovič, Zdenko,  |d 1973-  |4 ths  |u E030  |U FEI Fakulta elektrotechniky a informatiky  |T FEI Ústav elektroniky a fotoniky  |X 1853  |U E030  |Y 549  |7 A000001853